Vertebrando España (Record no. 177381)

MARC details
000 -LEADER
campo de control de longitud fija 01212nam a2200325 4500
001 - NÚMERO DE CONTROL
campo de control 177381
003 - IDENTIFICADOR DE NÚMERO DE CONTROL
campo de control ES-MaACL
005 - FECHA Y HORA DE LA ÚLTIMA TRANSACCIÓN
campo de control 20230907123031.0
008 - DATOS DE LONGITUD FIJA--INFORMACIÓN GENERAL
campo de control de longitud fija 110318s2009 sp ad |||| |dspa d
017 ## - NÚMERO DE COPYRIGHT O DE DEPÓSITO LEGAL
Número de copyright o de depósito legal M-24.883-2009
020 ## - NÚMERO INTERNACIONAL ESTÁNDAR DEL LIBRO
Número Internacional Estándar del Libro 978-84-9742-945-0
080 ## - NÚMERO DE LA CLASIFICACIÓN DECIMAL UNIVERSAL
Número de la Clasificación Decimal Universal 342.25(460)
080 ## - NÚMERO DE LA CLASIFICACIÓN DECIMAL UNIVERSAL
Número de la Clasificación Decimal Universal 35(460).071.6
100 1# - ENTRADA PRINCIPAL--NOMBRE DE PERSONA
Nombre de persona Sevilla Segura, Jorge.
9 (RLIN) 105943
245 10 - MENCIÓN DEL TÍTULO
Título Vertebrando España
Resto del título : el estado autonómico /
Mención de responsabilidad, etc. Jordi Sevilla Segura, José Mª Vidal Beltrán y Cristina Elías Méndez.
260 ## - PUBLICACIÓN, DISTRIBUCIÓN, ETC.
Lugar de publicación, distribución, etc. Madrid :
Nombre del editor, distribuidor, etc. Biblioteca Nueva :
-- Fundación José Ortega y Gasset,
Fecha de publicación, distribución, etc. [2009]
300 ## - DESCRIPCIÓN FÍSICA
Extensión 281 p. :
Otras características físicas gráf., mapa ;
Dimensiones 24 cm.
490 1# - MENCIÓN DE SERIE
Mención de serie El arquero ;
Designación de volumen o secuencia 12
504 ## - NOTA DE BIBLIOGRAFÍA, ETC.
Nota de bibliografía, etc. Referencias bibliográficas.
650 ## - PUNTO DE ACCESO ADICIONAL DE MATERIA--TÉRMINO DE MATERIA
Término de materia o nombre geográfico como elemento de entrada España-
Subdivisión general Comunidades autónomas.
9 (RLIN) 178649
650 ## - PUNTO DE ACCESO ADICIONAL DE MATERIA--TÉRMINO DE MATERIA
Término de materia o nombre geográfico como elemento de entrada Descentralización administrativa-
Subdivisión geográfica España.
9 (RLIN) 11822
700 1# - ENTRADA AGREGADA--NOMBRE PERSONAL
Nombre de persona Vidal Beltrán, José María.
9 (RLIN) 145732
700 1# - ENTRADA AGREGADA--NOMBRE PERSONAL
Nombre de persona Elías Méndez, Cristina.
9 (RLIN) 145733
710 2# - ENTRADA AGREGADA--NOMBRE DE ENTIDAD CORPORATIVA
Nombre de entidad corporativa o nombre de jurisdicción como elemento de entrada Fundación José Ortega y Gasset.
9 (RLIN) 4345
830 0# - PUNTO DE ACCESO ADICIONAL DE SERIE-TÍTULO UNIFORME
Título uniforme El arquero ;
Designación de volumen o secuencia 12
9 (RLIN) 185163
852 ## - LOCALIZACIÓN
Ubicación ES-MaACL
itemnumber 184199
Sublocalización o colección R.145.533
Número de control de estantería A-11052
Signatura antigua Olim:N-4057
Ubicación en estantería Depósito 1
942 ## - ELEMENTOS DE ENTRADA SECUNDARIOS (KOHA)
Fuente del sistema de clasificación o colocación Clasificación decimal universal
Tipo de ítem Koha Libro impreso
Holdings
Estatus retirado Estado de pérdida Fuente del sistema de clasificación o colocación Estado de daño No para préstamo Biblioteca de origen Biblioteca actual Ubicación en estantería Fecha de adquisición Fuente de adquisición Total de préstamos Signatura topográfica completa Código de barras Visto por última vez Precio de reemplazo Tipo de ítem Koha
    Clasificación decimal universal     Biblioteca del Ateneo de Madrid Biblioteca del Ateneo de Madrid Depósito 1 18/03/2011 Donación   A-11052 1186303 23/02/2023 23/02/2023 Libro impreso